| 000 | 004500000a22001690004500 | ||
|---|---|---|---|
| 003 | MACL | ||
| 005 | 20151217143300.0 | ||
| 008 | 151217b xxu||||| |||| 00| 0 eng d | ||
| 040 |
_aMACL _cMACL |
||
| 041 | _aEnglish | ||
| 082 | _a030 | ||
| 100 |
_aGeorge Newnes Ltd _920793 |
||
| 245 |
_aChamberss Encyclopaedia World Survey _bOf The Period 1954-1955 |
||
| 260 |
_bGeorge Newnes Ltd _c1956 |
||
| 650 |
_aEncyclopaedia _920795 |
||
| 942 |
_cBK _k030 _2ddc |
||
| 999 |
_c40918 _d40918 |
||